LIBRARY & INFORMATION CENTRE, KCAET, TAVANUR

ONLINE PUBLIC ACCESS CATALOGUE (OPAC)

Keralam Valarunnu, part 2 / (Record no. 864)

MARC details
000 -LEADER
fixed length control field 00387cam a2200145ua 4500
003 - CONTROL NUMBER IDENTIFIER
control field OSt
008 - FIXED-LENGTH DATA ELEMENTS--GENERAL INFORMATION
fixed length control field 240115b |||||||| |||| 00| 0 eng d
041 ## - LANGUAGE CODE
Language code of text/sound track or separate title mal
082 ## - DEWEY DECIMAL CLASSIFICATION NUMBER
Classification number 894.8121
Item number NAR/KE
100 ## - MAIN ENTRY--AUTHOR NAME
Personal name Narayanan Nair, Palai .
245 ## - TITLE STATEMENT
Title Keralam Valarunnu, part 2 /
260 ## - PUBLICATION, DISTRIBUTION, ETC. (IMPRINT)
Place of publication Kottayam :
Name of publisher Sahitya Pravarthaka Co-operative Society ,
Year of publication 1959.
300 ## - PHYSICAL DESCRIPTION
Number of Pages 71 ; .
942 ## - ADDED ENTRY ELEMENTS (KOHA)
Koha item type Books
Holdings
Withdrawn status Lost status Damaged status Home library Current library Date acquired Full call number Accession Number Koha item type
Withdrawn     KAUAET Malayalam University 07/04/2012 894.8121 154 Books
Withdrawn     KAUAET Malayalam University 07/04/2012 894.8121 388 Books
Withdrawn     KAUAET Sanskrit University 07/04/2012 894.8121 156 Books
free website counter